| 000 | 00689nam a22001695i 4500 | ||
|---|---|---|---|
| 001 | 158410 | ||
| 003 | ES-MaACL | ||
| 005 | 20230906211135.0 | ||
| 008 | 940202s1888 sp |||| | spa d | ||
| 040 |
_aAS _bspa |
||
| 100 | 1 |
_aMackenzie, Morell. _975252 |
|
| 245 | 1 | 3 |
_aLa higiene de los órganos vocales _b: manual práctico para cantores y oradores / _cpor Sir Morell Mackenzie ; traducido de la quinta edición por Ramón de la Sota y Lastra. |
| 260 |
_aMadrid : _b[s.n.], _c1888 ( _fEstablecimiento tipográfico de Enrique Teodoro) |
||
| 300 |
_aXIX, 175 p. : _bil. ; _c24 cm. |
||
| 700 | 2 |
_aSota y Lastra, Ramón de la, _etrad. _9132837 |
|
| 852 |
_aES-MaACL _jF-12290 _z-- Enc. hol. |
||
| 999 |
_c158410 _d158410 |
||